00467nam a2200157Ia 4500003000900000008004100009020001400050040001600064080001800080100001800098245009000116260003800206300001000244650004100254650001400295IN-BaIIA211028s9999 xx 000 0 eng d a0542-5778 cIIA Library a058(540)bMAT aMathew, K. M. 0aManorama year book 1990c K. M. Mathew  aKottayambMalayala Manoramac1990 a729p. aAstronomy and Astrophysics Thesaurus aYear book